000 00405nam a22001577a 4500
020 _a0673078922
082 _a150 COL
100 _aColeman, James C.
245 _aContemporary Pshychology and Effective Behavior
260 _aEngland
_bScott, Foresman and Company
_c1974
300 _a562 p.
_bill.;
500 _aIncludes index
650 _aPsychology
700 _aHammen, Constance L.
942 _cBK
999 _c12820
_d12820